<?xml version="1.0" encoding="UTF-8"?>
<record
    xmlns:xsi="http://www.w3.org/2001/XMLSchema-instance"
    xsi:schemaLocation="http://www.loc.gov/MARC21/slim http://www.loc.gov/standards/marcxml/schema/MARC21slim.xsd"
    xmlns="http://www.loc.gov/MARC21/slim">

  <leader>00510nam a22001697a 4500</leader>
  <controlfield tag="005">20230119110556.0</controlfield>
  <controlfield tag="008">200225b        xxu||||| |||| 00| 0 eng d</controlfield>
  <datafield tag="020" ind1=" " ind2=" ">
    <subfield code="a">978-93-87964-94-5</subfield>
  </datafield>
  <datafield tag="041" ind1=" " ind2=" ">
    <subfield code="a">eng</subfield>
  </datafield>
  <datafield tag="082" ind1=" " ind2=" ">
    <subfield code="a">612</subfield>
  </datafield>
  <datafield tag="100" ind1=" " ind2=" ">
    <subfield code="a">GARG, KRISHNA AND JOSHI, MEDHA. / SARAN, MEENAKSHI, SARAN</subfield>
    <subfield code="9">5146</subfield>
  </datafield>
  <datafield tag="245" ind1=" " ind2=" ">
    <subfield code="a">ANATOMY AND PHYSIOLOGY :THEORY AND PRACTICAL FOR DIPLOMA IN PHARMACY STUDENTS</subfield>
  </datafield>
  <datafield tag="260" ind1=" " ind2=" ">
    <subfield code="a">NEW DELHI</subfield>
    <subfield code="b">CBS</subfield>
  </datafield>
  <datafield tag="300" ind1=" " ind2=" ">
    <subfield code="a">286p, </subfield>
  </datafield>
  <datafield tag="650" ind1=" " ind2=" ">
    <subfield code="a">PHARMACY</subfield>
    <subfield code="x">D.PHARMA &amp; B.PHARMACY</subfield>
    <subfield code="9">7481</subfield>
  </datafield>
  <datafield tag="942" ind1=" " ind2=" ">
    <subfield code="c">BK</subfield>
  </datafield>
  <datafield tag="999" ind1=" " ind2=" ">
    <subfield code="c">6048</subfield>
    <subfield code="d">6046</subfield>
  </datafield>
  <datafield tag="952" ind1=" " ind2=" ">
    <subfield code="0">0</subfield>
    <subfield code="1">0</subfield>
    <subfield code="4">0</subfield>
    <subfield code="7">0</subfield>
    <subfield code="8">PHARMACY</subfield>
    <subfield code="a">JRU</subfield>
    <subfield code="b">JRU</subfield>
    <subfield code="c">Shelf - 23- G</subfield>
    <subfield code="d">2020-02-25</subfield>
    <subfield code="e">PURCHESS</subfield>
    <subfield code="g">295.00</subfield>
    <subfield code="l">14</subfield>
    <subfield code="m">3</subfield>
    <subfield code="o">612</subfield>
    <subfield code="p">23717</subfield>
    <subfield code="r">2025-10-06 15:33:22</subfield>
    <subfield code="s">2025-09-16</subfield>
    <subfield code="w">2020-02-25</subfield>
    <subfield code="y">BK</subfield>
  </datafield>
  <datafield tag="952" ind1=" " ind2=" ">
    <subfield code="0">0</subfield>
    <subfield code="1">0</subfield>
    <subfield code="4">0</subfield>
    <subfield code="7">0</subfield>
    <subfield code="8">PHARMACY</subfield>
    <subfield code="a">JRU</subfield>
    <subfield code="b">JRU</subfield>
    <subfield code="c">Shelf - 23- G</subfield>
    <subfield code="d">2020-02-25</subfield>
    <subfield code="e">PURCHESS</subfield>
    <subfield code="g">295.00</subfield>
    <subfield code="l">5</subfield>
    <subfield code="m">2</subfield>
    <subfield code="o">612</subfield>
    <subfield code="p">23718</subfield>
    <subfield code="r">2024-09-30 10:54:03</subfield>
    <subfield code="s">2024-09-28</subfield>
    <subfield code="w">2020-02-25</subfield>
    <subfield code="y">BK</subfield>
  </datafield>
  <datafield tag="952" ind1=" " ind2=" ">
    <subfield code="0">0</subfield>
    <subfield code="1">0</subfield>
    <subfield code="4">0</subfield>
    <subfield code="7">0</subfield>
    <subfield code="8">PHARMACY</subfield>
    <subfield code="a">JRU</subfield>
    <subfield code="b">JRU</subfield>
    <subfield code="c">SHELF-20-G</subfield>
    <subfield code="d">2020-02-25</subfield>
    <subfield code="e">PURCHESS</subfield>
    <subfield code="g">295.00</subfield>
    <subfield code="l">6</subfield>
    <subfield code="m">2</subfield>
    <subfield code="o">612</subfield>
    <subfield code="p">23719</subfield>
    <subfield code="r">2025-09-19 15:18:14</subfield>
    <subfield code="s">2025-08-29</subfield>
    <subfield code="w">2020-02-25</subfield>
    <subfield code="y">BK</subfield>
  </datafield>
  <datafield tag="952" ind1=" " ind2=" ">
    <subfield code="0">0</subfield>
    <subfield code="1">0</subfield>
    <subfield code="4">0</subfield>
    <subfield code="7">0</subfield>
    <subfield code="8">REF</subfield>
    <subfield code="a">JRU</subfield>
    <subfield code="b">JRU</subfield>
    <subfield code="c">SHELF-4-D</subfield>
    <subfield code="d">2020-02-25</subfield>
    <subfield code="e">PURCHESS</subfield>
    <subfield code="g">295.00</subfield>
    <subfield code="l">4</subfield>
    <subfield code="o">612</subfield>
    <subfield code="p">23720</subfield>
    <subfield code="r">2023-01-17 00:00:00</subfield>
    <subfield code="s">2022-09-17</subfield>
    <subfield code="w">2020-02-25</subfield>
    <subfield code="y">BK</subfield>
  </datafield>
  <datafield tag="952" ind1=" " ind2=" ">
    <subfield code="0">0</subfield>
    <subfield code="1">0</subfield>
    <subfield code="4">0</subfield>
    <subfield code="7">0</subfield>
    <subfield code="8">PHARMACY</subfield>
    <subfield code="a">JRU</subfield>
    <subfield code="b">JRU</subfield>
    <subfield code="c">Shelf - 23- G</subfield>
    <subfield code="d">2022-02-08</subfield>
    <subfield code="e">PURCHASE</subfield>
    <subfield code="g">375.00</subfield>
    <subfield code="l">8</subfield>
    <subfield code="m">2</subfield>
    <subfield code="o">612</subfield>
    <subfield code="p">25976</subfield>
    <subfield code="r">2024-09-17 13:27:54</subfield>
    <subfield code="s">2024-09-12</subfield>
    <subfield code="w">2022-02-08</subfield>
    <subfield code="y">BK</subfield>
  </datafield>
  <datafield tag="952" ind1=" " ind2=" ">
    <subfield code="0">0</subfield>
    <subfield code="1">0</subfield>
    <subfield code="4">0</subfield>
    <subfield code="7">0</subfield>
    <subfield code="8">PHARMACY</subfield>
    <subfield code="a">JRU</subfield>
    <subfield code="b">JRU</subfield>
    <subfield code="c">Shelf - 23- G</subfield>
    <subfield code="d">2022-02-08</subfield>
    <subfield code="e">PURCHASE</subfield>
    <subfield code="g">375.00</subfield>
    <subfield code="l">10</subfield>
    <subfield code="o">612</subfield>
    <subfield code="p">25977</subfield>
    <subfield code="r">2025-11-10 16:13:29</subfield>
    <subfield code="s">2025-11-04</subfield>
    <subfield code="w">2022-02-08</subfield>
    <subfield code="y">BK</subfield>
  </datafield>
</record>
